000
00258nam a2200097Ia 4500
001
904600
005
20250826184935.0
008
250824s9999 xx 000 0 und d
245
0
_a
CAN VEREN PERVANELER 4
_c
HAYATİ İNANÇ
260
_b
BABIALİ KÜLTÜR YAYINLARI
999
_c
904600
_d
904600